000 00611nam a2200217Ia 4500
005 20250923145911.0
008 008 250917s9999 xx 000 0 eng d
037 _aTextual
040 _aDSWL
_beng
_cDSWL
041 _aeng
_2eng
084 _aYX;5.73, N89
_qDSWL
100 _aJohnson, L.C.
_9840095
245 0 _aSocial welfare: A response to human need
_c by L.C. Johnson
260 _aBoston
_b Allyn Bacon
_c1988
300 _axi,355p.
365 _aUSD
_b17.95
700 _a C.L. Schwartz
_9840096
925 _g17.95
942 _cTEXL
_hYX;5.73, N89
999 _c1457117
_d1457117